[Event "RUS-chT B4 corr"]
[Site "Russia"]
[Date "1996.??.??"]
[Round "?"]
[White "Platonov, Evgeny G"]
[Black "Gorin, Aleksandr Alekseevi"]
[Result "0-1"]
[WhiteElo "2255"]
[BlackElo "2341"]
[PlyCount "34"]
[EventDate "1996.??.??"]
[EventType "team-tourn (corr)"]
[EventRounds "18"]
[EventCountry "RUS"]
[SourceTitle "Corr 2011"]
[Source "ChessBase"]
[SourceDate "2010.08.31"]
[SourceVersion "1"]
[SourceVersionDate "2010.08.31"]
[SourceQuality "1"]

1. d4 Nf6 2. c4 g6 3. Nc3 Bg7 4. e4 d6 5. f4 0-0 6. Nf3 c5 7. d5 e6 8. dxe6 fxe6 9. Bd3 Nh5 10. g3 Nc6 11. 0-0 Nd4 12. Ng5 Nc6 13. Be3 Bd4 14. Qe2 e5 15. fxe5 Rxf1+ 16. Kxf1 Nxe5 17. Bf4 Bg4 0-1

[Event "RUS-chT B4 corr"]
[Site "Russia"]
[Date "1996.??.??"]
[Round "?"]
[White "Zlatin, Dmitry Aleksandrovi"]
[Black "Platonov, Evgeny G"]
[Result "0-1"]
[WhiteElo "2320"]
[BlackElo "2255"]
[PlyCount "58"]
[EventDate "1996.??.??"]
[EventType "team-tourn (corr)"]
[EventRounds "18"]
[EventCountry "RUS"]
[SourceTitle "Corr 2011"]
[Source "ChessBase"]
[SourceDate "2010.08.31"]
[SourceVersion "1"]
[SourceVersionDate "2010.08.31"]
[SourceQuality "1"]

1. e4 e5 2. Nf3 Nc6 3. Bb5 Bc5 4. c3 Nf6 5. 0-0 0-0 6. d4 Bb6 7. dxe5 Nxe4 8. Qd5 Nc5 9. Bg5 Qe8 10. Na3 a6 11. Bc4 Ne7 12. Qd2 Ba7 13. Rfe1 b5 14. Bd3 Nxd3 15. Qxd3 Bb7 16. Rad1 Ng6 17. Nd4 Nxe5 18. Qg3 f6 19. Nf5 Qh5 20. Bxf6 Ng4 21. Ne7+ Kh8 22. Bd4 Rxf2 23. h3 Rxg2+ 24. Qxg2 Bxg2 25. Kxg2 Bxd4 26. Rxd4 Ne5 27. Rde4 Qf3+ 28. Kg1 Qg3+ 29. Kf1 Rf8+ 0-1